logo

Bir Sreshtho Munshi Abdur Rouf Library
Jhenaidah Cadet College

The Geography of the U. S. S. R an Introductory Survey / (Record no. 4576)

MARC details
000 -LEADER
fixed length control field 00538nam a2200205 a 4500
001 - CONTROL NUMBER
JCCL Control Number 4576
003 - CONTROL NUMBER IDENTIFIER
JCCL marc code BD-JhCC
005 - DATE AND TIME OF LATEST TRANSACTION
control field 20171128183621.0
008 - FIXED-LENGTH DATA ELEMENTS--GENERAL INFORMATION
fixed length control field 171128s1975 ru |||| |||| 000 0 eng d
035 ## - SYSTEM CONTROL NUMBER
system control number (BD-JhCC)
040 ## - CATALOGING SOURCE
Original cataloging agency BD-JhCC
Modifying agency BD-JhCC
041 ## - LANGUAGE CODE
Language code of Book eng
082 ## - DEWEY DECIMAL CLASSIFICATION NUMBER
Classification number 910
Author mark and Year GRE 1975
100 ## - MAIN ENTRY--PERSONAL NAME
Personal name Gregory, J. S.
245 ## - TITLE STATEMENT
Title The Geography of the U. S. S. R an Introductory Survey /
Statement of responsibility, etc J. S. Gregory
260 ## - PUBLICATION, DISTRIBUTION, ETC. (IMPRINT)
Place of publication, distribution, etc Moscow:
Name of publisher, distributor, etc Novosti Press Publishing;
Date of publication, distribution, etc 1975
300 ## - PHYSICAL DESCRIPTION
Pagination 143 p.;
Dimensions 22 cm
650 ## - SUBJECT ADDED ENTRY--TOPICAL TERM
Topical term or geographic name as entry element Geography
942 ## - ADDED ENTRY ELEMENTS (KOHA)
Source of classification or shelving scheme Dewey Decimal Classification
Koha item type Books
Holdings
Source of classification or shelving scheme Damaged status Not for loan Home library Current library Shelving location Date of accession Total Checkouts Full call number Barcode Date last seen Copy number Koha item type
Dewey Decimal Classification     JCC Rouf Library JCC Rouf Library General Stacks 11/28/2017   910 GRE 1975 6395 11/28/2017 C-1 Books

JCC Library | Contacts | JCC Home

Last Update on 23 September 2017
Copyright @ 2017-2020 JCC Rouf Library
Rouf Library, Jhenidah Cadet College (JCC), Bangladesh